Κατάλογος Βιβλιοθηκών Mediterranean College

Σύγχρονα συστήματα αυτόματου ελέγχου/ (Record no. 9816)

MARC details
000 -LEADER
fixed length control field 02735nam a22003137a 4500
005 - ΗΜΕΡΟΜΗΝΙΑ ΚΑΙ ΩΡΑ ΤΕΛΕΥΤΑΙΑΣ ΕΝΗΜΕΡΩΣΗΣ
Πεδίο ελέγχου 20250724114709.0
006 - FIXED-LENGTH DATA ELEMENTS--ADDITIONAL MATERIAL CHARACTERISTICS
Πεδίο ελέγχου σταθερού μήκους a|||||r|||||||||||
008 - FIXED-LENGTH DATA ELEMENTS--GENERAL INFORMATION
Πεδίο ελέγχου σταθερού μήκους 040831s2001 da r 000 u gre d
020 ## - ISBN
ISBN 9608050944
Επεξηγηματικές πληροφορίες σκληρόδ.
040 ## - ΠΗΓΗ ΚΑΤΑΛΟΓΟΓΡΑΦΗΣΗΣ
Φορέας πρωτότυπης καταλογογράφησης MC Athens Campus Library
Γλώσσα καταλογογράφησης Ελληνικά, Μοντέρνα (1453-)
Κανόνες περιγραφικής καταλογογράφησης AACR2
Modifying agency MC Athens Campus Library
041 0# - ΓΛΩΣΣΑ
Κωδικός γλώσσας πρωτότυπου Αγγλικά
100 1# - MAIN ENTRY--PERSONAL NAME
Personal name Dorf, Richard C.
Σχέση Συγγραφέας
240 10 - ΟΜΟΙΟΜΟΡΦΟΣ ΤΙΤΛΟΣ
Ομοιόμορφος τίτλος Modern control systems.
245 10 - ΤΙΤΛΟΣ ΚΑΙ ΔΗΛΩΣΗ ΥΠΕΥΘΥΝΟΤΗΤΑΣ
Τίτλος Σύγχρονα συστήματα αυτόματου ελέγχου/
Statement of responsibility, etc. Richard C. Dorf, Robert H. Bishop ; επιμέλεια μετάφρασης Τρ. Ποιμενίδης, μετάφραση Άγγελος Δ. Δημητριάδης
250 ## - EDITION STATEMENT
Edition statement 9η έκδ.
260 ## - PUBLICATION, DISTRIBUTION, ETC.
Place of publication, distribution, etc. Θεσσαλονίκη:
Name of publisher, distributor, etc. Τζιόλας,
Date of publication, distribution, etc. 2001.
300 ## - PHYSICAL DESCRIPTION
Extent 831 σ. :
Other physical details εικ. ;
Διαστάσεις 25 εκ.
500 ## - GENERAL NOTE
Γενική σημείωση Μετάφραση του: Modern control systems.
504 ## - ΣΗΜΕΙΩΣΗ ΒΙΒΛΙΟΓΡΑΦΙΑΣ κλπ.
Σημείωση βιβλιογραφίας, κλπ. Περιέχει βιβλιογραφικές αναφορές (σ. 1189-1199) και ευρετήριο.
520 ## - SUMMARY, ETC.
Summary, etc. Στα «Σύγχρονα Συστήματα Αυτομάτου Ελέγχου» παρουσιάζεται η δομή της θεωρίας ελέγχου μέσω ανάδρασης χρησιμοποιώντας μια ρεαλιστική, συμπεριληπτική προσέγγιση ανάλυσης και σχεδίασης. Το κείμενο του συγγράμματος είναι επικεντρωμένο στις έννοιες της θεωρίας ελέγχου συστημάτων, όπως αυτές διατυπώνονται στο πεδίο του χρόνου και στο πεδίο των συχνοτήτων. Καλύπτει τόσο τις κλασικές όσο και τις σύγχρονες μεθόδους ελέγχου, για να παρέχει ισχυρά θεμελιωμένη κατανόηση των βασικών αρχών που μπορούν να χρησιμοποιηθούν για τη διερεύνηση πιο σύνθετων ζητημάτων. Επισημαίνονται με έμφαση τα ρεαλιστικά, πολύπλοκα συστήματα ελέγχου και οι πρακτικές σχεδιαστικές εφαρμογές, καθώς επίσης και οι αναπτυσσόμενες στρατηγικές σχεδιασμού, όπως είναι η πράσινη τεχνολογία και η ανθρωποκεντρική σχεδίαση.
650 #0 - SUBJECT ADDED ENTRY--TOPICAL TERM
Topical term or geographic name entry element Feedback control systems
650 #0 - SUBJECT ADDED ENTRY--TOPICAL TERM
Topical term or geographic name entry element Πληροφορική
9 (RLIN) 9850
650 #0 - SUBJECT ADDED ENTRY--TOPICAL TERM
Topical term or geographic name entry element Computing
9 (RLIN) 9851
700 1# - ΠΡΟΣΘΕΤΗ ΑΝΑΓΡΑΦΗ--ΦΥΣΙΚΟ ΠΡΟΣΩΠΟ
Personal name Bishop, Robert H.,
Dates associated with a name 1957-
700 1# - ΠΡΟΣΘΕΤΗ ΑΝΑΓΡΑΦΗ--ΦΥΣΙΚΟ ΠΡΟΣΩΠΟ
Personal name Ποιμενίδης, Τρ.
Σχέση Επιμελητής
700 1# - ΠΡΟΣΘΕΤΗ ΑΝΑΓΡΑΦΗ--ΦΥΣΙΚΟ ΠΡΟΣΩΠΟ
Personal name Δημητριάδης, ΄Αγγελος Δ.
Σχέση Μεταφραστής
942 ## - ADDED ENTRY ELEMENTS (KOHA)
Koha item type Books
Holdings
Τύπος τεκμηρίου Βιβλιοθήκη Τρέχουσα τοποθεσία Αριθμός εισαγωγής Ημερομηνία απόκτησης Ταξιθετικό σύμβολο Κατάσταση απόσυρσης Κατάσταση χαμένου Κατάσταση κατεστραμμένου Μη δανεισμός Σύνολο δανεισμών Ημερομηνία τελευταίας εμφάνισης Η τιμή ισχύει από
Books MC Athens Campus Library MC Athens Campus Library 8114 23/07/2025 629.83 DOR           23/07/2025 23/07/2025

MC Athens Campus Library
Πατησίων 94 & Κοδριγκτώνος 13, 104 34
Πελλήνης 8 & Πατησίων 107, 112 51
Τ: +30 210 8899600

MC Thessaloniki Campus Library
Ίωνος Δραγούμη 21, 54625 | Ίωνος Δραγούμη 15, 54625
Τ: +30 2310 287779 – Τ: +30 2314 440300